Statistics for Top selling Cars in Europe

Click here to take the quiz!

General Stats

  • This quiz has been taken 318 times
  • The average score is 11 of 20

Answer Stats

Rank# soldMakeModel% Correct
1502,224VWGolf
94%
2338,105RenaultClio
79%
8234,879FordFocus
76%
3328,144VWPolo
75%
5251,340FordFiesta
73%
16189,474VWPassat
70%
10228,767OpelAstra
68%
6247,234SkodaOctavia
68%
13197,128CitroënC3
60%
15193,405RenaultMégane
60%
9228,891OpelCorsa
59%
20171,836SkodaFabia
57%
11221,234Peugeot208
52%
12200,026DaciaSandero
46%
17184,842ToyotaYaris
43%
7245,379VWTiguan
41%
19177,473MercedesC-class
40%
4268,702NissanQashqai
35%
18179,305FiatPanda
28%
14169,385RenaultCaptur
20%

Score Distribution

Percentile by Number Answered

Percent of People with Each Score

Your Score History

You have not taken this quiz